Dare to discipline. (Record no. 14720)

000 -LEADER
fixed length control field 00584nam a2200193 a 4500
001 - CONTROL NUMBER
control field :::00012554$&:&@@
003 - CONTROL NUMBER IDENTIFIER
control field OkBaRHE
005 - DATE AND TIME OF LATEST TRANSACTION
control field 20000607103420.0
008 - FIXED-LENGTH DATA ELEMENTS--GENERAL INFORMATION
fixed length control field s1988 j 000 0 eng u
040 ## - CATALOGING SOURCE
Transcribing agency
100 1# - MAIN ENTRY--PERSONAL NAME
Personal name Dobson, James C., 1936-
245 10 - TITLE STATEMENT
Title Dare to discipline.
260 ## - PUBLICATION, DISTRIBUTION, ETC. (IMPRINT)
Place of publication, distribution, etc Wheaton, IL., :
Name of publisher, distributor, etc Tyndale House Publishers
Date of publication, distribution, etc 1988
300 ## - PHYSICAL DESCRIPTION
Extent 228 p. : illus. ;
Dimensions 22 cm.
650 ## - SUBJECT ADDED ENTRY--TOPICAL TERM
Topical term or geographic name as entry element Child Rearing
650 ## - SUBJECT ADDED ENTRY--TOPICAL TERM
Topical term or geographic name as entry element Discipline Of Children
942 ## - ADDED ENTRY ELEMENTS (KOHA)
Source of classification or shelving scheme
Koha item type Books
Copies
Permanent Location Full call number Koha item type Lost status Price effective from Not for loan Withdrawn status Copy number Shelving location Date acquired Date last seen Source of classification or shelving scheme Damaged status Barcode
RHEMA Bible Training CollegeHQ 769 .D58Books 2010-04-14  1General Stacks2010-04-142010-04-14  12554